000 07579nam a22005417a 4500
005 2012020907027.0
010 _aB-450786-814
020 _a9788173094392
_c200.00
035 _aB-450786-814
037 _bVirtuous Pub.
082 _a301.153
100 _aतिवारी, कनक
_941986
245 _aहिंद स्वराज का सच /
_cकनक तिवारी
260 _aनई दिल्ली
_bसस्ता साहित्य मण्डल
_c2010
270 _aएन-77, पहली मंजिल, कनॉट सर्कस,
_bनई दिल्ली
_e110001
_k23310505, 41523565
300 _a192पृ.
_c22सेमी (सजिल्द)
942 _2ddc
_cHN
_h301.153
_mतिवारी
999 _c62416
_d62416